Statistiques concernant Les villes les plus riches du monde (en 2020)

Cliquez ici pour prendre le quiz!

Statistiques générales

  • Ce quiz a été pris 221 fois
    (154 depuis la dernière actualisation)
  • Le résultat moyen est 10 sur 15

Statistiques - réponses

HintRéponse% Correct
15Paris
100%
2New-York
96%
1Londres
94%
5Beijing
86%
3Tokyo
86%
7Los Angeles
84%
10Chicago
66%
6Shanghai
64%
8Hong Kong
62%
9Singapour
54%
4San Francisco
48%
11Sydney
48%
12Toronto
43%
14Bombay
29%
13Francfort
21%

Distribution des résultats

Percentile par nombre de réponses

% des personnes avec chaque résultat

Votre développement - résultats

Vous n’avez pas pris ce quiz depuis la dernière actualisation